Sports Quiz

Random Sports Quiz

Philadelphia Eagles Draft History Quiz Stats

Quiz not verified by Sporcle

Challenge
Share
Tweet
Embed
Score 0/30 Timer 10:00
0 Plays Today
Year Round Pick Player % Correct
2009 R1 PICK 19Jeremy Maclin
86.1%
2008 R2 PICK 49DeSean Jackson
81.8%
2010 R1 PICK 13Brandon Graham
77%
1999 R1 PICK 2Donovan McNabb
77%
2009 R2 PICK 53LeSean McCoy
67.3%
2007 R2 PICK 36Kevin Kolb
66.7%
2010 R2 PICK 37Nate Allen
64.8%
2002 R3 PICK 91Brian Westbrook
50.9%
1996 R2 PICK 61Brian Dawkins
49.7%
2008 R2 PICK 47Trevor Laws
48.5%
2004 R1 PICK 16Shawn Andrews
41.8%
2002 R2 PICK 59Sheldon Brown
39.4%
2005 R5 PICK 146Trent Cole
37%
2007 R5 PICK 162Brent Celek
35.8%
2003 R1 PICK 15Jerome McDougle
33.9%
Year Round Pick Player % Correct
2000 R1 PICK 6Corey Simon
32.1%
2006 R1 PICK 14Brodrick Bunkley
30.9%
1998 R3 PICK 72Jeremiah Trotter
24.8%
2006 R4 PICK 109Jason Avant
23%
2000 R2 PICK 36Todd Pinkston
20%
2003 R2 PICK 61L.J. Smith
18.8%
2005 R4 PICK 126Todd Herremans
17.6%
1997 R3 PICK 71Duce Staley
12.1%
2001 R4 PICK 121Correll Buckhalter
11.5%
1998 R1 PICK11William Thomas
11.5%
2001 R5 PICK 155A.J. Feeley
6.7%
1996 R1 PICK 26Jermane Mayberry
6.1%
1999 R4 PICK 97John Welbourn
3.6%
1997 R5 PICK 152N.D. Kalu
3.6%
2004 R4 PICK 129J.R. Reed
1.8%

You're not logged in!

Compare scores with friends on all Sporcle quizzes.
Join for Free
OR
Log In

You Might Also Like...

Show Comments

Extras

Top Quizzes Today


Score Distribution

Your Account Isn't Verified!

In order to create a playlist on Sporcle, you need to verify the email address you used during registration. Go to your Sporcle Settings to finish the process.

Report this User

Report this user for behavior that violates our Community Guidelines.

Details: